000 00927 a2200217 4500
999 _c3997
_d3997
020 _a9780073517179 (alk. paper)
020 _a0073517178 (alk. paper)
050 0 0 _aQA76.73 BRA 2007
100 1 _aBradley, Julia Case.
245 1 0 _aAdvanced programming using Visual Basic 2005 /
_cJulia Case Bradley, Anita C. Millspaugh.
250 _a3rd ed.
264 _aBoston:
_bMcGraw hill.,
_c2007
300 _axxii, 650 p. :
_bill. ;
500 _aIncludes index.
650 0 _aComputer programming.
700 1 _aMillspaugh, A. C.
_q(Anita C.)
856 4 2 _3Publisher description
_uhttp://www.loc.gov/catdir/enhancements/fy0634/2006044874-d.html
856 4 1 _3Table of contents only
_uhttp://www.loc.gov/catdir/enhancements/fy0634/2006044874-t.html
942 _2lcc
_cBK
_h76.73
_iBRA
_kQA